Recerca i disseny : el monument com a document històric i com a objecte arquitectònic viu = Investigación y diseño = Research and design / Antoni González el monument com a document històric i com a objecte arquitectònic viu = Investigación y diseño = Research and design / Antoni González
Publicado:
Barcelona :
Diputació de Barcelona. Servei de Catalogació i Conservació de Monuments, dl 1985
Descripción Física:
83 p. : il. ; 22 cm
MARC
| LEADER | 00000nam a2200000Ia 4500 | ||
|---|---|---|---|
| 001 | 2066 | ||
| 008 | 160829s9999 xx 000 0 cat d | ||
| 080 | |a B-1-348 | ||
| 100 | 1 | |a González, Antoni, |d 1943- |9 26020 | |
| 245 | |a Recerca i disseny : |b el monument com a document històric i com a objecte arquitectònic viu = Investigación y diseño = Research and design / Antoni González | ||
| 260 | |a Barcelona : |b Diputació de Barcelona. Servei de Catalogació i Conservació de Monuments, dl 1985 | ||
| 300 | |a 83 p. : |b il. ; |c 22 cm | ||
| 590 | |a Text en català, castellà i anglès | ||
| 650 | |a Monuments |x Conservació i restauració |x Catalunya |9 28763 | ||
| 710 | |a Barcelona (Catalunya : Província). |b Servei de Catalogació i Conservació de Monuments |9 54088 | ||
| 901 | |a Arxiu | ||
| 942 | |n 1 | ||
| 952 | |0 0 |1 0 |4 0 |6 B1348 |7 1 |9 44850 |a Arxiu |b Arxiu |d 2016-12-01 |l 0 |o B-1-348 |p 2066 |r 2016-12-01 00:00:00 |w 2016-12-01 |y ARXIU | ||
| 999 | |c 47448 |d 47448 | ||